Nelegálna práca a nelegálne zamestnávanie
Vymedzenie pojmov nelegálna práca a nelegálne zamestnávanie. Zákaz nelegálnej práce a nelegálneho zamestnávania. Kontrola nelegálnej práce a nelegálneho zamestnávania. Postihy za nelegálne zamestnávanie.
Guardado en:
| Autor principal: | |
|---|---|
| Formato: | Capítulo de libro |
| Lenguaje: | eslovaco |
| Materias: | |
| Etiquetas: |
Sin Etiquetas, Sea el primero en etiquetar este registro!
|
MARC
| LEADER | 00000naa a2200000 4500 | ||
|---|---|---|---|
| 001 | 0238053 | ||
| 005 | 20171211123755.2 | ||
| 041 | 0 | |a slo | |
| 044 | |a SK | ||
| 245 | 1 | 0 | |a Nelegálna práca a nelegálne zamestnávanie |c Sandra Mrukviová Tomiová |
| 520 | |a Vymedzenie pojmov nelegálna práca a nelegálne zamestnávanie. Zákaz nelegálnej práce a nelegálneho zamestnávania. Kontrola nelegálnej práce a nelegálneho zamestnávania. Postihy za nelegálne zamestnávanie. | ||
| 610 | 2 | 0 | |a práca nelegálna |
| 610 | 2 | 0 | |a zamestnávatelia |
| 610 | 2 | 0 | |a zamestnanci |
| 610 | 2 | 0 | |a legislatíva |
| 610 | 2 | 0 | |a kontrola |
| 610 | 2 | 0 | |a sankcie |
| 100 | 1 | |a Mrukviová Tomiová, Sandra | |